<Der> Einfluss der englischen Sprache auf die deutsche Sprache (Unter besonderer Berücksichtigung der Werbesprache) bakalárska práca

Saved in:
Bibliographic Details
Main Author: Svetlíková, Mária
Corporate Author: Fakulta aplikovaných jazykov EU v Bratislave. Katedra jazykovedy a translatológie
Other Authors: Ahlrep, Christian
Format: Book
Language:German
Published: Bratislava 2016
Tags: Add Tag
No Tags, Be the first to tag this record!

MARC

LEADER 00000nbm a2200000 4500
001 0217482
005 20170130103353.3
041 0 |a ger 
044 |a SK 
245 1 0 |a <Der> Einfluss der englischen Sprache auf die deutsche Sprache (Unter besonderer Berücksichtigung der Werbesprache)  |b bakalárska práca  |c Mária Svetlíková ; školiteľ: Christian Ahlrep 
264 1 |a Bratislava  |c 2016 
300 |a 58 s. 
100 1 |a Svetlíková, Mária 
700 1 |a Ahlrep, Christian 
710 2 |a Fakulta aplikovaných jazykov EU v Bratislave. Katedra jazykovedy a translatológie